LEADER 00972cam0-2200337---450- 001 990004885280403321 005 20090703110330.0 035 $a000488528 035 $aFED01000488528 035 $a(Aleph)000488528FED01 035 $a000488528 100 $a19990604d1972----km-y0itay50------ba 101 0 $apor 102 $aPT 105 $ay-------001yy 200 1 $aSobre "Formas de tratamento" na lingua portuguesa$e(ensaios)$fLuis F. Lindley Cintra 210 $aLisboa$cHorizonte$d[stampa 1972] 215 $a138 p.$d19 cm 225 1 $aColecção Horizonte$v18 610 0 $aLingua portoghese 676 $a469 700 1$aLindley Cintra,$bLuis F.$0195689 801 0$aIT$bUNINA$gRICA$2UNIMARC 901 $aBK 912 $a990004885280403321 952 $aQ 903$bS.I.$fNAP03 952 $a469 LIN 1$bIst.f.m.25109$fFLFBC 959 $aFLFBC 959 $aNAP03 996 $aSobre "formas de tratamento" na língua portuguesa$9145378 997 $aUNINA LEADER 01160cam0 22002893 450 001 E600200018098 005 20231102091520.0 010 $a8814124183 100 $a20060509d2006 |||||ita|0103 ba 101 $aita 102 $aIT 200 1 $aCompravendita di appartamenti uffici e negozi$e134 problemi con risposte, consigli e e formule per acquistare o vendere un immobile al prezzo giusto e senza avventure$fFrancesco Tamborrino 205 $a5. ed. aggiornata e redatta da Marina Tamborrino 210 $aMilano$cGiuffrè$d2006 215 $a132 p.$d24 cm 225 2 $aCosa & Come$hSez$hCasa e Territorio 410 1$1001LAEC00022188$12001 $a*Cosa & Come. Sez. Casa e Territorio 700 1$aTamborrino$b, Francesco$3AF00009200$4070$09567 801 0$aIT$bUNISOB$c20231102$gRICA 850 $aUNISOB 852 $aUNISOB$j340|Coll|12|C$m129932 912 $aE600200018098 940 $aM 102 Monografia moderna SBN 941 $aM 957 $a340|Coll|12|C$b000006$gSi$d129932$racquisto$1catenacci$2UNISOB$3UNISOB$420060509095856.0$520231102091214.0$6Alfano 996 $aCompravendita di appartamenti uffici e negozi$9636815 997 $aUNISOB